| 000 | 00501nam a22001937a 4500 | ||
|---|---|---|---|
| 003 | NUST - PNEC | ||
| 005 | 20170116180816.0 | ||
| 008 | 150525b xxu||||| |||| 00| 0 eng d | ||
| 020 | _a- | ||
| 040 | _cLIBRARY | ||
| 082 | _a510 KRE | ||
| 100 |
_93692 _aKreyszig, Erwin |
||
| 245 |
_aAdvanced engineering mathematics _cErwin Kreyszig |
||
| 250 | _a4th ed. | ||
| 260 |
_aNew York _b Wiley _cc1962. |
||
| 300 |
_a949 p. : _c23 cm. |
||
| 650 |
_93693 _aEngineering mathematics _xME |
||
| 942 |
_2ddc _cBK |
||
| 999 |
_c63536 _d63536 |
||